यशोधन (Record no. 87318)

MARC details
000 -LEADER
fixed length control field 00487nam a2200181Ia 4500
008 - FIXED-LENGTH DATA ELEMENTS--GENERAL INFORMATION
fixed length control field 090124s9999 xx 000 0 und d
082 ## - DEWEY DECIMAL CLASSIFICATION NUMBER
Item number 12906
100 ## - MAIN ENTRY--PERSONAL NAME
Personal name यशवन्त
245 ## - TITLE STATEMENT
Title यशोधन
250 ## - EDITION STATEMENT
Edition statement 5
260 ## - PUBLICATION, DISTRIBUTION, ETC. (IMPRINT)
Name of publisher, distributor, etc "चित्रशाळा प्रकाशन, पुणें 2."
Date of publication, distribution, etc 1956
300 ## - PHYSICAL DESCRIPTION
Extent 160
600 ## - SUBJECT ADDED ENTRY--PERSONAL NAME
Personal name यशवन्त
630 ## - SUBJECT ADDED ENTRY--UNIFORM TITLE
Uniform title यशोधन
700 ## - ADDED ENTRY--PERSONAL NAME
Personal name यशवन्त
730 ## - ADDED ENTRY--UNIFORM TITLE
Uniform title यशोधन
942 ## - ADDED ENTRY ELEMENTS (KOHA)
Koha item type Book
Holdings
Withdrawn status Lost status Damaged status Not for loan Home library Current library Date acquired Cost, normal purchase price Total Checkouts Full call number Barcode Date last seen Cost, replacement price Price effective from Koha item type
        Nagar Wachan Mandir, Thane Nagar Wachan Mandir, Thane   6.00   12906 THNNWM-12906 01/24/2009 6.00 01/24/2009 Book